| 000 | 01039cam a2200217 i 4500 | ||
|---|---|---|---|
| 005 | 20251230093400.0 | ||
| 008 | 250721s2016 ua gr 000 0 ara d | ||
| 020 | _a9789776460812 | ||
| 082 | 1 | 4 |
_a218.9 _bا ب ن |
| 100 | 1 |
_aابن العربي، محيي الدين ابو بكر محمد بن علي ..الحاتمي الطائي _eمؤلف. |
|
| 245 | 1 | 0 |
_aفصوص الحكم / _cالشيخ الاكبر محيي الدين ابو بكر محمد بن علي ..الحاتمي الطائي ابن العربي ؛ تحقيق ابرار احمد شاهي، عبد العزيز سلطان النصوب. |
| 250 | _aالطبعة الاولى. | ||
| 264 | 3 | 1 |
_aالقاهرة : _bشركة القدس للنشر والتوزيع، _c2016. |
| 300 | _a282 صفحة. | ||
| 650 | 1 | 7 | _aالتصوف الاسلامي. |
| 650 | 1 | 7 | _aالعقيدة الدينية. |
| 700 | 1 |
_aشاهي، أبرار أحمد _eمحقق. |
|
| 700 | 1 |
_aمنصوب، عبد العزيز سلطان _eمحقق. |
|
| 942 |
_2ddc _cBK |
||
| 999 |
_c136216 _d136216 |
||